000 00304nam a22001337a 4500
008 170622b xxu||||| |||| 00| 0 eng d
020 _a9780312127626
041 _aeng
080 _a32
100 _a21
101 _aSHP
245 _aTHEORY AND METHODS IN POLITICAL SIENCE
_cMARSH,D
942 _2udc
_cBK
999 _c18830
_d18830